[Event "Panchenko Memorial-A 2021"]
[Site "Chelyabinsk"]
[Date "2021.09.21"]
[Round "10.5"]
[White "Tiviakov, Sergei"]
[Black "Nesterov, Arseniy"]
[Result "0-1"]
[WhiteElo "2604"]
[BlackElo "2483"]
[Annotator "TA"]
[PlyCount "84"]
[EventDate "2021.09.13"]
[EventType "swiss"]
[EventCountry "RUS"]
[SourceTitle "playchess.com"]
[Source "ChessBase"]
[SourceQuality "1"]

{[%evp 11,84,18,20,14,27,42,35,38,41,44,51,48,43,50,67,62,103,98,102,120,109,95,101,92,101,114,114,92,102,93,107,59,62,44,60,49,77,16,24,0,0,0,37,25,55,65,56,79,62,42,56,71,79,79,56,0,0,-81,0,-115,-98,-152,-88,-1025,-1011,-977,-993,-946,-897,-882,-885,-2928,-2536,-2543,-2274]} 1. e4 e5 2. Nf3 Nc6 3. d4 exd4 4. Nxd4 Bb4+ 5. c3 Bc5 6. Nxc6 bxc6 7. Bd3 {C45: Scotch Game.} Ne7 8. b4 $5 {[%mdl 4] A promising side line.} Bb6 9. a4 {[#] Threatens to win with a5.White is slightly better.} a5 10. Nd2 d5 11. O-O O-O {[#]} 12. Nb3 $146 ({Predecessor:} 12. exd5 cxd5 13. Nb3 c6 14. Ba3 axb4 15. Bxb4 Re8 16. Qc2 Ng6 17. a5 Ba7 18. Rfe1 {0-1 (29) Drei,A (2351)-Miles,A (2579) Reykjavik 2000}) 12... axb4 13. cxb4 Be6 14. e5 d4 15. a5 Ba7 16. Qc2 Qd5 17. Nc5 (17. Bxh7+ $6 Kh8 $11) 17... Bxc5 18. bxc5 Qxe5 19. Bxh7+ Kh8 20. Bd3 Bf5 21. Ra3 Kg8 22. Bd2 Bxd3 23. Rxd3 Ng6 24. Rh3 (24. Rg3 $16) 24... Qd5 25. Rc1 Rfe8 26. Rg3 Re2 27. Qd3 Re4 28. Rg5 Ne5 29. Qg3 g6 30. h4 {And now h5 would win.} Qa2 31. Bf4 {[%cal Rf4e5]} Rxf4 32. Rxe5 (32. Qxf4 Nd3 $15) 32... Qd2 33. Rce1 (33. Ra1 $14) 33... Rf5 $1 $36 {[%mdl 2048] Black is pushing.} 34. Re7 (34. Kf1 $11 {remains equal.} Rxe5 35. Qxe5) 34... Qxa5 (34... Rxa5 $17 35. R1e6 Qh6) 35. R1e6 Qxc5 $17 {White must now prevent ...Kf8.} ({Not} 35... Rxc5 {[#]} 36. Rxg6+ $1 {[%mdl 512]} Kf8 37. Rxc7 Rc1+ 38. Kh2 Qxc7 39. Rg8+ Ke7 40. Qxc7+ Ke6 41. Rxa8) 36. Rxg6+ Kf8 37. Rxf7+ {[%mdl 8192] White does not recover from this.} Kxf7 $19 {Black is clearly winning.} 38. Rg7+ Ke6 39. Qg6+ Ke5 40. Qg3+ Kd5 {...Ra1+ is the strong threat.} 41. Qg6 Ra1+ 42. Kh2 Qd6+ {Weighted Error Value: White=0.44/Black=0.07} 0-1

[Event "Panchenko Memorial-A 2021"]
[Site "Chelyabinsk"]
[Date "2021.09.21"]
[Round "10.6"]
[White "Kokarev, Dmitry"]
[Black "Gabrielian, Artur"]
[Result "1/2-1/2"]
[WhiteElo "2584"]
[BlackElo "2459"]
[Annotator "TA"]
[PlyCount "86"]
[EventDate "2021.09.13"]
[EventType "swiss"]
[EventCountry "RUS"]
[SourceTitle "playchess.com"]
[Source "ChessBase"]
[SourceQuality "1"]

{[%evp 21,86,0,27,30,89,89,92,107,115,-17,-15,-3,-16,-1,-20,-29,0,0,0,0,0,0,31,25,8,10,39,37,34,5,52,38,53,11,19,12,25,27,7,0,0,0,0,0,0,8,0,0,18,18,18,8,4,0,16,0,12,0,0,0,0,0,0,0,0,0,0]} 1. e4 c5 2. Nf3 d6 3. d4 cxd4 4. Nxd4 Nf6 5. Nc3 a6 6. Bg5 e6 7. f4 Nbd7 8. Qf3 Qc7 9. O-O-O b5 10. Bd3 Bb7 11. Rhe1 Qb6 {[#] 11...Qb6 scores better than 11...Be7.} 12. Nd5 $1 {B96: Sicilian Najdorf: 6 Bg5 e6 7 f4, lines other than 7...Qb6 and 7...Be7.} Qxd4 (12... Nxd5 $2 13. exd5 Nc5 14. Nxe6 $18) (12... exd5 $11 13. Nc6 dxe4 14. Bxe4 Nc5 15. Bxf6 gxf6) (12... exd5 13. Nc6) 13. Bxf6 $16 gxf6 {[#]} 14. Bxb5 $1 {White is better.} Qc5 {[#]} 15. Nxf6+ ({White has to play} 15. b4 $1 $16 Qxb5 16. Nc7+ {[%mdl 64] Double Attack} Kd8 17. Nxb5 axb5 18. Qh5) 15... Kd8 $11 ({Don't play} 15... Ke7 $6 16. Bxd7 Bg7 17. Nh5 $16 (17. Qb3 Bxf6 18. Bxe6 Bc8 $14)) 16. Nxd7 Qxb5 17. Nxf8 Rxf8 18. Qa3 Rc8 19. Qxd6+ Ke8 20. Re3 {Rc3 is the strong threat.} Qc6 {[%csl Gc8][%cal Rc6c2]} 21. Qd2 $36 {[%mdl 2048] aiming for Rc3. White is more active.} Qc7 22. Rc3 Qe7 23. Rxc8+ Bxc8 24. Qc3 Qb7 {[#]} 25. e5 $146 {[%mdl 1024] White has compensation.} ({Predecessor:} 25. Rd4 Bd7 26. b3 f6 27. a4 Kf7 28. Qd3 Ke7 29. e5 f5 30. g4 Ke8 31. g5 {1-0 (49) Kokarev,D (2630)-Najer,E (2681) Ulan Ude 2009}) 25... Bd7 (25... Rg8 {seems wilder.} 26. Qd3 Qc7 27. g3 h6 28. Qd4 h5) 26. g3 Qc6 27. Qd4 (27. Qa5 {is more complex.} Qb5 28. Qd2 Rg8 29. b3 Rg6 30. Qd6) 27... a5 28. Qa7 a4 29. Rd6 Qc8 30. Qd4 {The position is equal.} Qb7 31. Rb6 (31. Qc5 {feels hotter.} Qh1+ 32. Rd1 Qc6 33. Qa5 f5 34. exf6 Rxf6 35. Qh5+) 31... Qh1+ 32. Kd2 {White wants to mate with Rb8+.} Qd5 $1 {[%cal Rd5d4]} ({Don't blunder} 32... Qxh2+ $2 33. Kd3 $18) 33. Qxd5 exd5 {[%mdl 4096] Endgame KRB-KR} 34. Rd6 Rg8 35. Rxd5 h5 36. e6 Bxe6 37. Rxh5 Ke7 38. b3 Rd8+ 39. Ke3 f5 40. Rh7+ Bf7 41. Rh6 Be6 42. Rh7+ Bf7 43. Rh6 Be6 {Weighted Error Value: White=0.09/Black=0.07} 1/2-1/2

[Event "Panchenko Memorial-A 2021"]
[Site "Chelyabinsk"]
[Date "2021.09.21"]
[Round "10.7"]
[White "Samusenko, Maksim"]
[Black "Timofeev, Artyom"]
[Result "0-1"]
[WhiteElo "2460"]
[BlackElo "2583"]
[Annotator "TA"]
[PlyCount "94"]
[EventDate "2021.09.13"]
[EventType "swiss"]
[EventCountry "RUS"]
[SourceTitle "playchess.com"]
[Source "ChessBase"]
[SourceQuality "1"]

{[%evp 23,94,36,45,39,37,39,38,0,0,0,6,0,0,-29,-32,-36,-31,-48,-47,-46,-51,-34,-43,-43,-34,-43,-43,-48,-46,-47,-45,-60,-49,-74,-60,-93,-81,-104,-66,-97,-60,-60,-32,-36,-33,-39,-43,-79,-79,-81,-87,-195,-185,-181,-183,-211,-210,-256,-239,-343,-314,-269,-326,-316,-266,-360,-354,-513,-497,-1946,-2016,-1963,-1951]} 1. e4 c5 2. Nf3 Nc6 3. d4 cxd4 4. Nxd4 Nf6 5. Nc3 e6 6. Ndb5 Bb4 7. a3 Bxc3+ 8. Nxc3 d5 9. exd5 exd5 10. Bd3 O-O 11. O-O Bg4 12. f3 Bh5 13. Bg5 {B45: Sicilian Four Knights.} Qb6+ 14. Kh1 {Black must now prevent Bxf6.} Ne4 {[#]} 15. Bh4 $146 {White is slightly better.} ({Predecessor:} 15. Nxe4 dxe4 16. Bxe4 Qxb2 17. Qb1 Qb6 18. Qxb6 axb6 19. Rfb1 Bg6 20. Bxc6 bxc6 21. Rxb6 {½-½ (36) Nepomniachtchi,I (2792)-Rapport,R (2763) Paris 2021}) 15... Nxc3 16. bxc3 Qa5 17. Qd2 d4 18. Be1 (18. Rfb1 {with more complications.} dxc3 19. Qf4 Bg6 20. Bxg6 hxg6 21. Rxb7 Rac8 22. Rd7) 18... Bg6 19. Bxg6 hxg6 20. cxd4 Qxd2 21. Bxd2 Nxd4 22. Rab1 b6 23. c3 Ne6 24. Rfd1 Rfc8 25. Be1 Rc5 26. Kg1 Ra5 27. Ra1 $1 Rc8 28. Ra2 Rc4 29. Kf1 Rca4 30. Rda1 Ra6 31. Ke2 Nc5 32. Bf2 Nb3 33. Rd1 Rxa3 34. Rxa3 Rxa3 $15 {[%mdl 4096] Endgame KRB-KRN} 35. Rd7 Ra2+ 36. Kf1 g5 37. h4 (37. Be3 $17) 37... gxh4 $19 38. Bxh4 Nd2+ 39. Kg1 a5 {[%cal Ba7a5,Ba5a4,Ba4a3,Ba3a2][%mdl 32]} 40. Bf2 Nc4 41. Rc7 (41. Rd8+ $142 Kh7 42. Rd7) 41... b5 42. Rb7 Rb2 43. Bc5 Rb3 44. Kf2 a4 ({Weaker is} 44... Rxc3 45. Rxb5 Rc2+ 46. Ke1 $19) 45. Ke2 (45. Ra7 $142) 45... a3 {Hoping for ...a2.Black is clearly winning.} 46. Kd3 (46. Ra7 $142 Rb2+ 47. Kd3) 46... a2 47. Ra7 {[#]} Na3 $1 {[%mdl 576] Promotion.  Weighted Error Value: White=0.46/Black=0.05} 0-1

[Event "Panchenko Memorial-A 2021"]
[Site "Chelyabinsk"]
[Date "2021.09.21"]
[Round "10.8"]
[White "Lintchevski, Daniil"]
[Black "Maiorov, Nikita"]
[Result "1-0"]
[WhiteElo "2561"]
[BlackElo "2446"]
[Annotator "ChessBase"]
[PlyCount "89"]
[EventDate "2021.09.13"]
[EventType "swiss"]
[EventCountry "RUS"]
[SourceTitle "playchess.com"]
[Source "ChessBase"]
[SourceQuality "1"]
[TimeControl "5400+30"]

1. e4 {[%emt 0:00:10]} e5 {[%emt 0:00:12]} 2. Nf3 {[%emt 0:00:09]} Nc6 {[%emt 0:00:06]} 3. d4 {[%emt 0:01:03]} exd4 {[%emt 0:00:03]} 4. Nxd4 {[%emt 0:00:05]} Bc5 {[%emt 0:04:45]} 5. Nb3 {[%emt 0:00:42]} Bb6 {[%emt 0:03:44]} 6. Nc3 {[%emt 0:00:06]} d6 {[%emt 0:12:43]} 7. Bf4 {[%emt 0:02:09]} a5 {[%emt 0:10:32]} 8. a4 {[%emt 0:10:58]} Nf6 {[%emt 0:12:35]} 9. Qd2 {[%emt 0:03:31]} O-O {[%emt 0:02:28]} 10. O-O-O {[%emt 0:01:14]} Be6 {[%emt 0:04:05]} 11. f3 {[%emt 0:09:16]} Nb4 {[%emt 0:01:35]} 12. g4 {[%emt 0:03:25]} d5 {[%emt 0:10:30]} 13. g5 {[%emt 0:05:06]} Nh5 {[%emt 0:00:20]} 14. Be3 {[%emt 0:03:49]} dxe4 {[%emt 0:02:33]} 15. Bxb6 {[%emt 0:02:18]} cxb6 {[%emt 0:00:05]} 16. fxe4 {[%emt 0:03:10]} Qc7 {[%emt 0:06:02]} 17. Qd6 {[%emt 0:01:46]} Rac8 {[%emt 0:01:00]} 18. Qxc7 {[%emt 0:04:24]} Rxc7 {[%emt 0:00:08]} 19. Nd4 {[%emt 0:03:34]} Nf4 {[%emt 0:04:10]} 20. h4 {[%emt 0:03:50]} Ng6 {[%emt 0:06:09]} 21. h5 {[%emt 0:06:03]} Ne5 {[%emt 0:00:30]} 22. h6 {[%emt 0:00:43]} g6 {[%emt 0:04:14]} 23. Be2 {[%emt 0:04:48]} Re8 {[%emt 0:06:02]} 24. Rd2 {[%emt 0:02:48]} Bg4 {[%emt 0:04:51]} 25. Ndb5 {[%emt 0:04:31]} Rce7 {[%emt 0:01:25]} 26. Bxg4 {[%emt 0:07:18]} Nxg4 {[%emt 0:00:05]} 27. b3 {[%emt 0:00:16]} Ne5 {[%emt 0:01:55]} 28. Rf1 {[%emt 0:00:25]} Rc8 {[%emt 0:00:52]} 29. Kb2 {[%emt 0:01:40]} Rd7 {[%emt 0:00:33]} 30. Rxd7 {[%emt 0:01:46]} Nxd7 {[%emt 0:00:04]} 31. Nd6 {[%emt 0:00:07]} Rf8 {[%emt 0:00:09]} 32. Nd5 {[%emt 0:00:54]} Nc6 {[%emt 0:01:04]} 33. Nxb7 {[%emt 0:01:30]} Re8 {[%emt 0:00:15]} 34. Nd6 {[%emt 0:00:16]} Re6 {[%emt 0:00:29]} 35. Rxf7 {[%emt 0:01:05]} Rxd6 {[%emt 0:00:48]} 36. Rxd7 {[%emt 0:00:05]} Rxd7 {[%emt 0:00:06]} 37. Nf6+ {[%emt 0:00:04]} Kf7 {[%emt 0:00:09]} 38. Nxd7 {[%emt 0:00:03]} Nd8 {[%emt 0:01:27]} 39. Nxb6 {[%emt 0:03:06]} Ne6 {[%emt 0:00:05]} 40. Nc4 {[%emt 0:00:32]} Nxg5 {[%emt 0:00:06]} 41. Nxa5 {[%emt 0:00:05]} Nxe4 {[%emt 0:00:06]} 42. Nc4 {[%emt 0:00:03]} g5 {[%emt 0:00:06]} 43. a5 {[%emt 0:00:05]} g4 {[%emt 0:00:30]} 44. a6 {[%emt 0:00:24]} g3 {[%emt 0:00:03]} 45. Ne3 {[%emt 0:00:05]} 1-0

[Event "Panchenko Memorial-A 2021"]
[Site "Chelyabinsk"]
[Date "2021.09.21"]
[Round "10.9"]
[White "Sivuk, Vitaly"]
[Black "Lazavik, Denis"]
[Result "1/2-1/2"]
[WhiteElo "2552"]
[BlackElo "2440"]
[Annotator "ChessBase"]
[PlyCount "105"]
[EventDate "2021.09.13"]
[EventType "swiss"]
[EventCountry "RUS"]
[SourceTitle "playchess.com"]
[Source "ChessBase"]
[SourceQuality "1"]
[TimeControl "5400+30"]

1. Nf3 {[%emt 0:00:26]} d5 {[%emt 0:00:21]} 2. g3 {[%emt 0:00:08]} g6 {[%emt 0:00:50]} 3. Bg2 {[%emt 0:00:31]} Bg7 {[%emt 0:00:13]} 4. d4 {[%emt 0:00:15]} Nf6 {[%emt 0:00:22]} 5. O-O {[%emt 0:00:42]} O-O {[%emt 0:00:22]} 6. c3 {[%emt 0:01:25]} c6 {[%emt 0:15:24]} 7. Bf4 {[%emt 0:02:29]} Bf5 {[%emt 0:01:53]} 8. a4 {[%emt 0:03:04]} Qb6 {[%emt 0:03:23]} 9. Qc1 {[%emt 0:06:43]} a5 {[%emt 0:07:03]} 10. Nbd2 {[%emt 0:01:58]} Nbd7 {[%emt 0:03:04]} 11. Re1 {[%emt 0:01:59]} c5 {[%emt 0:06:44]} 12. Ra3 {[%emt 0:03:09]} Rac8 {[%emt 0:03:59]} 13. Nb3 {[%emt 0:04:13]} Ne4 {[%emt 0:07:42]} 14. Be3 {[%emt 0:03:30]} e5 {[%emt 0:02:38]} 15. dxc5 {[%emt 0:06:08]} Nexc5 {[%emt 0:05:21]} 16. Qd1 {[%emt 0:03:25]} Rfd8 {[%emt 0:02:28]} 17. Nfd2 {[%emt 0:17:53]} Be6 {[%emt 0:04:29]} 18. Nxc5 {[%emt 0:05:46]} Nxc5 {[%emt 0:00:19]} 19. Rb3 {[%emt 0:02:10]} Qc7 {[%emt 0:13:58]} 20. Bxc5 {[%emt 0:01:31]} Qxc5 {[%emt 0:00:06]} 21. Rxb7 {[%emt 0:00:55]} d4 {[%emt 0:01:44]} 22. Nb3 {[%emt 0:13:08]} Qc4 {[%emt 0:04:04]} 23. cxd4 {[%emt 0:00:17]} Qxa4 {[%emt 0:01:31]} 24. d5 {[%emt 0:00:15]} Bd7 {[%emt 0:03:19]} 25. Qd2 {[%emt 0:02:10]} e4 {[%emt 0:05:23]} 26. Ra1 {[%emt 0:08:59]} Qc4 {[%emt 0:00:09]} 27. Nxa5 {[%emt 0:00:13]} Qc2 {[%emt 0:00:16]} 28. Qxc2 {[%emt 0:02:06]} Rxc2 {[%emt 0:00:07]} 29. e3 {[%emt 0:02:45]} f5 {[%emt 0:02:14]} 30. Bf1 {[%emt 0:02:16]} Rxb2 {[%emt 0:00:52]} 31. Rxb2 {[%emt 0:00:21]} Bxb2 {[%emt 0:00:05]} 32. Rb1 {[%emt 0:00:52]} Bf6 {[%emt 0:00:43]} 33. Rb7 {[%emt 0:02:17]} Be8 {[%emt 0:00:36]} 34. Bc4 {[%emt 0:01:18]} Bf7 {[%emt 0:00:18]} 35. d6 {[%emt 0:00:40]} Bxc4 {[%emt 0:00:48]} 36. Nxc4 {[%emt 0:00:07]} Ra8 {[%emt 0:01:06]} 37. Rc7 {[%emt 0:00:47]} Ra1+ {[%emt 0:01:10]} 38. Kg2 {[%emt 0:00:04]} Rd1 {[%emt 0:00:09]} 39. d7 {[%emt 0:01:44]} Kf8 {[%emt 0:00:22]} 40. Rc8+ {[%emt 0:01:17]} Kg7 {[%emt 0:02:14]} 41. Nb6 {[%emt 0:00:30]} Kf7 {[%emt 0:00:26]} 42. h3 {[%emt 0:00:20]} h5 {[%emt 0:00:47]} 43. Rb8 {[%emt 0:00:21]} Rb1 {[%emt 0:00:38]} 44. h4 {[%emt 0:00:47]} Be7 {[%emt 0:01:01]} 45. f4 {[%emt 0:00:31]} Rd1 {[%emt 0:00:59]} 46. Kf2 {[%emt 0:00:23]} Ke6 {[%emt 0:00:48]} 47. Ke2 {[%emt 0:00:39]} Rd6 {[%emt 0:00:17]} 48. Kf1 {[%emt 0:00:30]} Rd1+ {[%emt 0:00:40]} 49. Kf2 {[%emt 0:00:05]} Rd2+ {[%emt 0:00:18]} 50. Ke1 {[%emt 0:00:05]} Rd3 {[%emt 0:00:35]} 51. Ke2 {[%emt 0:01:12]} Rd6 {[%emt 0:00:08]} 52. Re8 {[%emt 0:00:38]} Kf7 {[%emt 0:00:15]} 53. Rb8 {[%emt 0:00:28]} 1/2-1/2

[Event "Panchenko Memorial-A 2021"]
[Site "Chelyabinsk"]
[Date "2021.09.21"]
[Round "10.10"]
[White "Schekachikhin, Maksim"]
[Black "Aleksandrov, Aleksej"]
[Result "1/2-1/2"]
[WhiteElo "2438"]
[BlackElo "2525"]
[Annotator "TA"]
[PlyCount "40"]
[EventDate "2021.09.13"]
[EventType "swiss"]
[EventCountry "RUS"]
[SourceTitle "playchess.com"]
[Source "ChessBase"]
[SourceQuality "1"]

{[%evp 15,17,6,15,12]} 1. b3 d5 2. Bb2 Nf6 3. Nf3 c5 4. g3 e6 5. Bg2 Be7 6. O-O b6 7. c4 O-O 8. d4 Bb7 9. cxd5 {[#] An uneventful encounter. E17: Queen's Indian: 4 g3 Bb7 5 Bg2 Be7.} {Predecessor:} Bxd5 $146 10. Nc3 Bb7 11. dxc5 Bxc5 12. Qc2 Nc6 13. Rad1 Qe7 14. a3 Rad8 15. b4 Nd4 16. Nxd4 Bxd4 17. Bxb7 Qxb7 18. Nb5 Bxb2 19. Qxb2 Rd7 20. Rxd7 Qxd7 {½-½ (59) Naroditsky,D (2810)-Khamrakulov,D (2646) Chess.com INT 2018} 1/2-1/2